000 01314cam a2200385 a 4500
999 _c5427
_d5427
001 15790126
003 OSt
005 20250918085156.0
008 090624r20082000enka 000 1 eng d
010 _a 2009291693
020 _a9780194234184
_qpbk.
035 _a15790126
035 _a(OCoLC)231882068
037 _a52407
_bTVG
040 _aUKM
_cUKM
_dYDXCP
_dBAKER
_dBTCTA
_dOCLCG
_dTVG
_dDLC
_dKH8
042 _aukblsr
_alccopycat
082 0 4 _a428.6 BUR
_222
100 1 _aBurrows, Phillip,
_eauthor.
245 1 0 _aTaxi of terror /
_cPhillip Burrows and Mark Foster.
250 _a[New ed.].
260 _aOxford ;
_aNew York :
_bOxford University Press,
_cc2008.
300 _a40 p. :
_bchiefly col. ill. ;
_c20 cm.
336 _atext
_btxt
_2rdacontent
337 _aunmediated
_bn
_2rdamedia
338 _avolume
_bnc
_2rdacarrier
490 0 _aOxford Bookworms Library ; Starter, Thriller & Adventure
650 0 _aEnglish language
_vTextbooks for foreign speakers.
650 0 _aReading comprehension
_vProblems, exercises, etc.
650 0 _aKidnapping
_vFiction.
650 0 _aTaxicab drivers
_vFiction.
655 7 _aAdventure fiction.
_2gsafd
655 7 _aFiction.
_2lcgft
_0https://id.loc.gov/authorities/genreForms/gf2014026339
700 1 _aFoster, Mark
_d1961-
_eauthor.
942 _2ddc
_cTR